Indice y digesto de resoluciones judiciales en materia de informaciones posesorias (1942-1971) /
Guardado en:
| Hovedforfatter: | |
|---|---|
| Andre forfattere: | |
| Format: | Texto |
| Udgivet: |
San José:
UCR. Facultad de derecho
|
| Tags: |
Tilføj Tag
Ingen Tags, Vær først til at tagge denne postø!
|
MARC
| LEADER | 00000 a a2200000 04500 | ||
|---|---|---|---|
| 001 | 16717 | ||
| 003 | |||
| 040 | |||
| 090 | |a 1005 S161i | ||
| 100 | |a Salas Marrero, Oscar A. | ||
| 245 | |a Indice y digesto de resoluciones judiciales en materia de informaciones posesorias (1942-1971) / |c Oscar A. Salas Marrero | ||
| 260 | |a San José: |b UCR. Facultad de derecho | ||
| 300 | |a 125 p. | ||
| 700 | |a Cruz Castro, Fernando | ||
| 999 | |c 16478 |d 16478 | ||
